[Event "AUT-ch 2018"]
[Site "Vienna"]
[Date "2018.07.23"]
[Round "3"]
[White "Kuntner, Reinhard"]
[Black "Jakits, Leopold"]
[Result "0-1"]
[WhiteElo "2002"]
[BlackElo "2161"]
[Annotator "NA"]
[PlyCount "58"]
[EventDate "2018.07.22"]
[EventType "swiss"]
[EventCountry "AUT"]
[SourceTitle "playchess.com"]
[Source "ChessBase"]
[SourceQuality "1"]
[TimeControl "40/5400+30:1800+30"]

1. c4 {[%emt 0:00:00]} e5 {[%emt 0:01:17]} 2. g3 {[%emt 0:00:00]} Nf6 {[%emt 0:00:04]} 3. Bg2 {[%emt 0:00:18]} d5 {[%emt 0:00:05]} 4. cxd5 {[%emt 0:00:11]} Nxd5 {[%emt 0:00:03]} 5. Nc3 {[%emt 0:00:16]} Nb6 {[%emt 0:00:10]} 6. Nf3 {[%emt 0:01:02]} Nc6 {[%emt 0:00:05]} 7. a3 {[%emt 0:03:03]} Be7 {[%emt 0:01:48]} 8. b4 {[%emt 0:01:47]} Be6 {[%emt 0:00:41]} 9. O-O {[%emt 0:00:27]} f6 {[%emt 0:00:59]} 10. d3 {[%emt 0:00:17]} O-O {[%emt 0:00:25]} 11. Be3 {[%emt 0:04:53]} Nd5 {[%emt 0:15:14]} 12. Nxd5 {[%emt 0:06:44]} Bxd5 {[%emt 0:01:02]} 13. Bc5 {[%emt 0:09:36]} Bxc5 {[%emt 0:10:22]} 14. bxc5 {[%emt 0:00:02]} Nd4 {[%emt 0:00:23]} 15. Nxd4 {[%emt 0:05:08]} exd4 {[%emt 0:01:19]} 16. Bxd5+ {[%emt 0:13:54]} Qxd5 {[%emt 0:00:03]} 17. Qc2 {[%emt 0:09:44]} Rae8 {[%emt 0:00:40]} 18. Qa2 {[%emt 0:03:41]} Re5 {[%emt 0:03:17]} 19. Qxd5+ {[%emt 0:01:47]} Rxd5 {[%emt 0:00:02]} 20. Rfc1 {[%emt 0:00:18]} Kf7 {[%emt 0:37:18]} 21. Rab1 {[%emt 0:01:42]} Rb8 {[%emt 0:00:28]} 22. a4 {[%emt 0:07:08]} Ke6 {[%emt 0:05:27]} 23. a5 {[%emt 0:04:55]} Kd7 {[%emt 0:02:08]} 24. Rc4 {[%emt 0:13:04]} c6 {[%emt 0:02:47]} 25. a6 {[%emt 0:05:53]} Kc7 {[%emt 0:00:28]} 26. Rcb4 {[%emt 0:01:29]} b5 {[%emt 0:01:15]} 27. cxb6+ {[%emt 0:00:49]} Rxb6 {[%emt 0:00:15]} 28. Rxb6 {[%emt 0:00:20]} axb6 {[%emt 0:00:05]} 29. a7 {[%emt 0:00:09]} Ra5 {[%emt 0:00:31]} 0-1

[Event "AUT-ch 2018"]
[Site "Vienna"]
[Date "2018.07.24"]
[Round "4"]
[White "Dragnev, Valentin"]
[Black "Froewis, Georg"]
[Result "1-0"]
[WhiteElo "2499"]
[BlackElo "2427"]
[Annotator "TA"]
[PlyCount "89"]
[EventDate "2018.07.22"]
[EventType "swiss"]
[EventCountry "AUT"]
[SourceTitle "playchess.com"]
[Source "ChessBase"]
[SourceQuality "1"]

{[%evp 44,89,23,58,91,0,0,0,0,0,0,0,406,395,359,0,0,0,0,0,543,548,508,515,521,520,453,506,501,486,597,593,1103,969,743,712,29966,29970,29979,29980,29980,29981,29981,29982,29982,29983,29983,29984]} 1. d4 d5 2. c4 e6 3. Nf3 Nf6 4. Nc3 c6 5. Bg5 dxc4 6. e4 {[%cal Be2e4,Be4e5][%mdl 32]} b5 7. e5 h6 8. Bh4 g5 9. Nxg5 hxg5 10. Bxg5 Nbd7 11. exf6 Bb7 12. g3 c5 13. d5 Qb6 14. Bg2 O-O-O 15. O-O b4 16. Na4 Qb5 17. a3 Nb8 18. axb4 cxb4 19. Qg4 Bxd5 20. Rfc1 Nc6 21. Bxd5 {D44: Semi-Slav: Botvinnik System} Rxd5 22. Rxc4 Rxg5 23. Qd4 {LiveBook: 20 Games. Threatens to win with Qxa7.White has an edge.} ({Worse is} 23. Qf4 Rf5 $17) 23... Kc7 (23... Kb8 24. Rxc6 Rxg3+ 25. fxg3 Qxc6 26. Rd1 Qc7 27. b3 Kc8 28. Qe4 Kb8 {1-0 (65) Ding,L (2778)-Yu,Y (2734) Danzhou 2016 CBM 174 [Iotov,V]}) 24. Rac1 $146 (24. b3 $1 $16 {And now Rac1 would win.} Rhh5 25. Qxa7+ Qb7 26. Qxb7+ Kxb7 27. Rac1) ({Predecessor:} 24. b3 Kb8 25. Qd7 Rd5 26. Qxc6 Qxc6 27. Rxc6 Kb7 28. Rac1 Bd6 {1-0 (58) Macayo,R (2330)-Istomin,A (2297) ICCF email 2009}) 24... Rc5 $1 $11 25. Rxc5 Bxc5 26. Qxc5 Qxa4 27. Qe7+ $1 Kb8 $2 {[%mdl 8192]} (27... Kb6 $1 $11 28. Qxf7 Qb3) 28. Qd6+ $18 Kb7 {[#] White must now prevent ...Rd8.} 29. Qd7+ $2 ({White must play} 29. b3 $1 $18 {[%mdl 512]} Qb5 (29... Qxb3 30. Qxc6+) 30. Rc5) 29... Kb6 $1 $11 {...Rf8 is the strong threat.} 30. Qxf7 Qb3 $1 {[%cal Rb3b2]} 31. Qg7 $1 {[%cal Rg7h8]} Qxb2 $2 {[%mdl 8192] [#]} (31... Rd8 $11 {and Black is okay.} 32. f7 Qf3) 32. Rxc6+ $1 $18 {[%mdl 512]} Kxc6 33. Qxh8 $11 {[%mdl 4096] Endgame KQ-KQ} Qb1+ 34. Kg2 Qe4+ 35. f3 Qc2+ {[#]} 36. Kh3 $1 {Intending Qc8+ and mate.} b3 {[#]} 37. g4 $1 Qg6 38. Qc8+ Kd5 39. Qd7+ Ke5 40. f7 {White mates.} Qh6+ 41. Kg2 b2 {[#]} 42. f4+ $1 {[%mdl 512]} Ke4 (42... Kxf4 43. Qd2+) 43. Qa4+ Ke3 44. Qa3+ Ke4 45. Qxb2 {Precision: White = 95%, Black = 55%.} 1-0

[Event "AUT-ch 2018"]
[Site "Vienna"]
[Date "2018.07.24"]
[Round "4"]
[White "Schreiner, Peter"]
[Black "Miazhynski, Yuri"]
[Result "1-0"]
[WhiteElo "2467"]
[BlackElo "2147"]
[Annotator "TA"]
[PlyCount "55"]
[EventDate "2018.07.22"]
[EventType "swiss"]
[EventCountry "AUT"]
[SourceTitle "playchess.com"]
[Source "ChessBase"]
[SourceQuality "1"]

{[%evp 11,55,58,74,56,58,31,111,84,81,85,78,81,106,100,111,99,103,94,123,128,152,146,146,129,152,113,247,261,434,404,539,531,741,722,699,719,912,716,29983,29984,29983,1741,29997,29995,29995,1410]} 1. Nf3 c5 2. c4 Nc6 3. Nc3 e5 4. e3 f5 5. d4 cxd4 (5... e4 6. d5 exf3 7. dxc6 dxc6 8. Qxd8+ Kxd8 9. gxf3 Nf6 10. b3 g6 11. Bb2 Bg7 12. Ne2 Ke7 13. Nf4 {½-½ (48) Short,N (2670)-Hou,Y (2649) Hoogeveen 2016}) 6. exd4 {A35: Symmetrical English: 2 Nc3 Nc6 3 Nf3} e4 $1 {[%cal Re4f3] LiveBook: 9 Games} 7. Ne5 {aiming for Qh5+.} Nf6 8. Be2 {White is slightly better.} (8. c5 $5 {[%cal Rc1g5]}) 8... g6 $146 (8... d6 $14 9. Nxc6 bxc6) ({Predecessor:} 8... d6 9. Nxc6 bxc6 10. d5 c5 11. O-O Be7 12. Be3 Rb8 13. Rb1 {0-1 (39) Urbanc,P (2290)-Kastelic,M (2254) Otocec 2017}) 9. h4 d6 10. Nxc6 bxc6 11. h5 Rg8 12. hxg6 hxg6 13. Bg5 Be7 14. Qd2 Bd7 15. O-O-O Qc7 16. Kb1 O-O-O 17. f3 Kb7 18. Ka1 exf3 (18... Rg7 $16 19. Rh6 a5) 19. Bxf3 $18 a6 $2 (19... Rde8 {is a better defense.} 20. Nb5 Qb8) 20. Rhe1 Bc8 {[#]} 21. Bxc6+ $1 {[%mdl 512]} Kxc6 22. Bxf6 ({Less strong is} 22. Nd5 Nxd5 23. cxd5+ Kb7 $18) 22... Bxf6 23. Nd5 Qg7 24. Qa5 {White threatens Qb6+ and mate.} Bxd4 {[#]} 25. Rxd4 $1 {[%mdl 512]} Qa7 (25... Qxd4 26. Qc7#) 26. Qa4+ (26. Nb4+ $142 Kb7 27. Qd5+ Kc7 28. Re7+ Bd7 29. Qc6+ Kb8 30. Nxa6+ Qxa6 31. Qxa6) 26... Kc5 27. Red1 {[%csl Ga4,Gd5][%cal Rb2b4]} Qb7 28. b4+ {Precision: White = 76%, Black = 20%.} 1-0

[Event "AUT-ch 2018"]
[Site "Vienna"]
[Date "2018.07.24"]
[Round "4"]
[White "Neubauer, Martin"]
[Black "Wallner, Joachim"]
[Result "0-1"]
[WhiteElo "2439"]
[BlackElo "2311"]
[Annotator "TA"]
[PlyCount "136"]
[EventDate "2018.07.22"]
[EventType "swiss"]
[EventCountry "AUT"]
[SourceTitle "playchess.com"]
[Source "ChessBase"]
[SourceQuality "1"]

{[%evp 15,136,1,19,0,0,0,0,0,0,0,0,0,0,-8,-12,-12,-9,-5,-14,-34,-27,-40,0,7,0,-76,-72,-124,-123,-126,-118,-117,-132,-119,-130,-145,-161,-275,-50,-58,-60,-61,0,0,19,10,70,75,115,118,127,129,152,183,163,118,113,94,140,6,22,40,89,0,0,0,0,0,0,0,0,0,0,9,10,0,12,0,0,0,0,-14,0,-142,-142,-147,-147,-170,0,0,0,0,0,0,0,0,0,-421,0,0,0,0,0,0,0,0,0,0,0,0,0,-12837,-8967,-12842,-12843,-12844,-12844,-12846,-12846,-12850,-29987,-12851,-29987]} 1. e4 e5 2. Nf3 Nc6 3. Bb5 {[%cal Bf1b5,Bb5a4,Ba4b3,Bb3d5][%mdl 32]} a6 4. Ba4 Nf6 5. Nc3 b5 6. Bb3 Be7 7. a4 {C77: Ruy Lopez: 3...a6 4 Ba4 Nf6, unusual lines} (7. d3 d6 8. a3 O-O 9. Nd5 Na5 10. Ba2 Nxd5 11. Bxd5 c6 12. Ba2 Bf6 13. O-O Re8 14. b4 Nb7 15. c4 Be6 {½-½ (23) Rapport,R (2692)-Aronian,L (2785) Sharjah 2017}) 7... b4 8. Nd5 d6 {LiveBook: 8 Games} 9. Nxf6+ {The position is equal.} Bxf6 10. Bd5 Bd7 11. O-O O-O $146 ({Predecessor:} 11... a5 12. c3 Rb8 13. d4 O-O 14. Bxc6 Bxc6 {1-0 (38) Fontaine,R (2531)-Georgiev,V (2512) Athens 2004}) 12. d3 Rb8 13. Be3 a5 14. h3 Ne7 15. Bb3 c5 16. Kh2 Ng6 17. Ng1 Bg5 18. Qd2 Bf4+ 19. g3 Bxe3 20. Qxe3 (20. fxe3 $11 Rc8 21. Nf3) 20... Kh8 $17 21. f4 (21. Nf3 $142) 21... exf4 22. gxf4 f5 $1 23. Nf3 {[%cal Bg1f3,Bf3g5,Bg5f7][%mdl 32]} fxe4 24. Ng5 {With the idea Nf7+.} Qe7 25. Qxe4 Qf6 $1 26. Qd5 (26. Rab1 {is the only way for White.}) 26... h6 $2 ({Weaker is} 26... Nxf4 27. Nf7+ Rxf7 28. Qxf7 $16) (26... Rbe8 $1 $19 27. Qf3 h6) 27. Nf7+ $15 Kh7 28. f5 Nh4 (28... Ne5 $1 $15 29. Nxe5 (29. Nxd6 Bc6 $17) (29. Qxd6 Nxf7 30. Qxd7 Rbe8 $17) 29... Qxe5+ 30. Qxe5 dxe5) 29. Qxd6 $11 Qxd6+ 30. Nxd6 Bxf5 (30... Rb6 $11 31. Ne4 Bxf5) 31. Rae1 $36 {[%mdl 2048] White is on the roll.} Bd7 32. Kg3 Ng6 33. h4 Rxf1 34. Rxf1 Ne5 35. Rf4 Rb6 36. Ne4 Rc6 {[#]} 37. Bd5 (37. Nxc5 $1 $16 {[%mdl 512]} Rxc5 38. d4) 37... Rg6+ $11 38. Kf2 Bxa4 39. Nxc5 (39. Rf8 $1 $16 Ng4+ 40. Ke2) 39... Bc6 $1 {[%cal Rc6d5]} 40. Be4 Bxe4 41. Rxe4 {[%mdl 4096] Endgame KRN-KRN} Rf6+ 42. Ke2 Rf5 43. c3 bxc3 44. bxc3 Ng6 45. d4 Rh5 46. c4 {Threatens to win with d5.} Rxh4 47. Rxh4 Nxh4 {KN-KN} 48. d5 {Hoping for d6.} Nf5 49. Nb7 (49. Kd3 $11 {keeps the balance.}) 49... a4 $17 50. Kd3 a3 51. Kc3 a2 $2 ({Black should try} 51... Ne3 $1 $19 {[%cal Re3c4]} 52. Kb3 Nxc4 $1 {[%mdl 512]}) 52. Kb2 $11 Ne3 53. Na5 Kg6 {Strongly threatening ...Kf6.} 54. Kxa2 h5 55. Kb3 h4 56. Nc6 $2 {[%mdl 8192]} (56. d6 $11 {and White is okay.} Kf6 57. Nc6) 56... Kf6 $2 ({Black should play} 56... h3 $19 57. Ne5+ Kf6) 57. d6 $1 {[%cal Rd6d7]} Ke6 {And now ...h3 would win.} 58. c5 Nf5 {...h3 is the strong threat.} 59. Nd8+ Kd7 60. Nf7 h3 61. Ne5+ Kd8 62. Ng4 Nh6 63. Nh2 $2 {[%mdl 8192] [#]} (63. Nf2 $11 h2 64. Kc3) 63... g5 $1 $19 {[%cal Rg5g4]} 64. Kc4 {[#]} g4 $1 {[%cal Rg4g3]} 65. Nf1 Nf5 66. Kd5 g3 67. Nxg3 Nxg3 68. c6 Nf5 {Precision: White = 48%, Black = 65%.} (68... h2 $19 69. c7+ Kc8) 0-1

[Event "AUT-ch 2018"]
[Site "Vienna"]
[Date "2018.07.24"]
[Round "4"]
[White "Halvax, Georg"]
[Black "Vitouch, Anatol"]
[Result "1-0"]
[WhiteElo "2433"]
[BlackElo "2317"]
[Annotator "TA"]
[PlyCount "73"]
[EventDate "2018.07.22"]
[EventType "swiss"]
[EventCountry "AUT"]
[SourceTitle "playchess.com"]
[Source "ChessBase"]
[SourceQuality "1"]

{[%evp 10,73,2,-4,0,-7,0,-22,-18,-24,0,-16,0,-18,-20,-20,0,-10,19,0,0,0,21,18,47,0,0,0,37,35,36,36,38,39,44,36,35,20,112,112,118,114,159,155,208,213,183,187,192,190,199,190,185,187,173,173,146,155,359,353,318,294,446,446,497,481]} 1. d4 e6 2. e4 d5 3. exd5 exd5 4. Nc3 c6 5. Bf4 Bd6 6. Qd2 {LiveBook: 5 Partien. C01: Französische Verteidigung (Abtauschvariante)} Nf6 (6... Bxf4 7. Qxf4 Qf6 8. Qd2 Ne7 9. O-O-O O-O 10. h4 c5 11. Qg5 Qxg5+ 12. hxg5 cxd4 13. Rxd4 {1-0 (23) Rapport,R (2698)-Almasi,I (2398) Zalakaros 2017}) 7. O-O-O O-O 8. f3 {Die Stellung ist ausgeglichen.} b5 9. Kb1 Na6 $146 {[%cal Bb8a6,Ba6c7,Bc7e6][%mdl 32]} ({Vorgänger:} 9... a5 10. a4 b4 11. Bxd6 bxc3 12. Qf4 Nh5 13. Qe5 Re8 14. Qxh5 Qxd6 15. Ne2 Rxe2 16. Bxe2 Qb4 {0-1 (16) Perdigones Gomez,M (1302)-Redondo Arguelles,G (1997) Linares 2017}) 10. g4 Nc7 11. Bd3 Bxf4 12. Qxf4 Ne6 13. Qg3 Qc7 14. Nce2 Qxg3 15. hxg3 g6 16. Nh3 Kg7 17. Rh2 h6 18. Rdh1 Bd7 19. Nhf4 Rh8 20. Nxe6+ Bxe6 21. Nf4 Bd7 22. Be2 Rae8 23. Nd3 Be6 (23... h5 $11 {hält das Gleichgewicht.}) 24. Ne5 $16 Rc8 {[#]} 25. g5 $1 {[%cal Rg5f6]} Ng8 26. g4 {[%cal Bg3g4,Bg4g5][%mdl 32]} f6 (26... h5 $16 27. f4 (27. gxh5 Rxh5 28. Rxh5 gxh5 $16) 27... f6) 27. gxf6+ $18 Nxf6 28. Bd3 Bf7 29. g5 $36 {[%mdl 2048] Weiss bestimmt, wo es lang geht.} Nh5 30. Nxf7 Kxf7 {[#]} 31. Bxg6+ $1 {[%mdl 512]} Kxg6 32. Rxh5 {KTT-KTT} Rhf8 33. gxh6 {zielt auf h7 ab.} Rxf3 $2 (33... Kh7 $16 {war einen Versuch wert.} 34. Rg5 Rc7) 34. h7 Rh8 35. Rh6+ Kf5 (35... Kg5 $142 36. R1h5+ Kg4) 36. c3 Ke4 37. Re6+ {Precision: Weiß = 49%, Schwarz = 41%.} 1-0

[Event "AUT-ch 2018"]
[Site "Vienna"]
[Date "2018.07.24"]
[Round "4"]
[White "Schwabeneder, Florian"]
[Black "Hiermann, Dietmar"]
[Result "1-0"]
[WhiteElo "2431"]
[BlackElo "2202"]
[Annotator "TA"]
[PlyCount "73"]
[EventDate "2018.07.22"]
[EventType "swiss"]
[EventCountry "AUT"]
[SourceTitle "playchess.com"]
[Source "ChessBase"]
[SourceQuality "1"]

{[%evp 22,72,45,41,172,82,85,61,64,62,66,57,74,57,75,72,67,68,89,46,39,0,39,54,90,53,56,55,72,66,159,135,442,430,411,319,500,513,604,592,634,398,796,792,765,782,770,760,1452,1356,29979,29980,29999]} 1. e4 e5 2. Nf3 Nc6 3. Bb5 a6 4. Ba4 Nf6 5. d3 b5 6. Bb3 Be7 7. O-O d6 8. a3 O-O 9. Nc3 Bg4 10. Be3 Qd7 {C84: Closed Ruy Lopez: Unusual White 6th moves} (10... Nd4 11. Bxd4 exd4 12. Nd5 Nxd5 13. Bxd5 Rc8 14. a4 c6 15. Bb3 d5 16. h3 Bh5 17. axb5 axb5 18. exd5 {1-0 (47) Karjakin,S (2782)-Aronian,L (2764) Paris 2018}) 11. h3 Bh5 12. Nd5 {LiveBook: 13 Games} Ne8 $146 {[#]} (12... Nxd5 $14 13. Bxd5 Bg6) ({Predecessor:} 12... Nd8 13. Nxe5 dxe5 14. Nxf6+ Bxf6 15. Qxh5 Ne6 16. a4 Qd6 17. Ra2 b4 18. Bc4 {½-½ (42) Cornette,M (2548)-Bobras,P (2535) Germany 2015}) 13. g4 (13. Nxe5 $1 $18 {is more deadly.} Nxe5 14. Qxh5) 13... Bg6 $16 14. Qd2 Nf6 15. Nxe7+ Nxe7 16. Bg5 Ne8 17. a4 {And now axb5 would win.} Rb8 18. axb5 axb5 19. Nh4 Kh8 20. Ra7 Nc6 21. Raa1 Nd4 22. Ba2 $36 {[%mdl 2048] Black is under pressure.} c5 23. Be3 Qe7 24. Nxg6+ hxg6 25. f4 Qh4 {[#]} ({Black should play} 25... Ra8 $14) 26. Kg2 $1 {fxe5 is the strong threat.} f5 $2 {[%mdl 8192]} (26... exf4 $16 {is a better chance.} 27. Bxf4 Qe7) 27. fxe5 $18 dxe5 28. c3 Nc6 (28... f4 $142 29. Qf2 (29. cxd4 Qg3+ 30. Kh1 Nf6 $18) 29... Qxf2+ 30. Bxf2 f3+ 31. Kh2 Ne2 32. Bxc5 Rf4) 29. Bxc5 Nf6 30. exf5 Rfd8 31. Qe2 Nd5 $2 (31... b4 32. Be6 Nd5) 32. Bxd5 Rxd5 33. b4 Rbd8 34. fxg6 e4 35. Qxe4 Ne5 {[#]} 36. Qxd5 $1 {[%mdl 512]} Rxd5 37. Rf8# {Precision: White = 61%, Black = 19%.} 1-0

[Event "AUT-ch 2018"]
[Site "Vienna"]
[Date "2018.07.24"]
[Round "4"]
[White "Blohberger, Felix"]
[Black "Balinov, Ilia"]
[Result "1/2-1/2"]
[WhiteElo "2420"]
[BlackElo "2478"]
[Annotator "TA"]
[PlyCount "73"]
[EventDate "2018.07.22"]
[EventType "swiss"]
[EventCountry "AUT"]
[SourceTitle "playchess.com"]
[Source "ChessBase"]
[SourceQuality "1"]

{[%evp 14,73,36,0,31,0,0,0,0,0,0,0,0,0,0,-1,0,-14,12,19,14,0,0,0,16,0,-4,-2,0,-10,-9,-15,-9,-9,0,0,5,0,0,-12,-2,-3,-3,-3,-4,-4,0,0,0,0,0,0,8,0,0,0,0,0,0,0,0,0]} 1. e4 c5 2. Nf3 d6 3. d4 Nf6 4. Nc3 cxd4 5. Nxd4 Nc6 6. Bc4 Qb6 7. Nxc6 bxc6 8. Bb3 {LiveBook: 4 Games. B57: Classical Sicilian: Sozin with 6...Qb6} (8. O-O g6 9. Qe1 Qc7 10. Bf4 Nd7 11. Qe3 Bg7 12. Bh6 O-O 13. Bxg7 Kxg7 14. b3 a5 15. Rad1 Ba6 16. Bxa6 Rxa6 {½-½ (64) Antal,G (2562)-Schlosser,P (2571) Austria 2016}) 8... e6 9. Qf3 Be7 {The position is equal.} 10. Be3 Qc7 11. g4 $146 ({Predecessor:} 11. O-O-O O-O 12. g4 d5 13. e5 Nd7 14. Bf4 Nxe5 15. Qg3 Bd6 {0-1 (23) Doronina,E-Petrov,I Vladivostok 2008}) 11... d5 12. g5 Nxe4 13. Nxe4 dxe4 14. Qxe4 Bb7 {[#] Threatens to win with ...c5.} 15. Qf4 Qxf4 (15... Bd6 $5 {[%cal Rd6f4]} 16. Qh4 O-O $15) 16. Bxf4 O-O-O 17. Be3 h6 18. g6 fxg6 19. Bxe6+ Kc7 20. O-O c5 21. Bh3 g5 22. Bg2 Bxg2 23. Kxg2 Bf6 24. Bxc5 Bxb2 25. Rad1 a6 26. Rfe1 Kc6 27. Ba7 Rxd1 28. Rxd1 $11 {[%mdl 4096] Endgame KRB-KRB} Be5 29. Rb1 Kd5 30. Rb6 Rc8 31. Rxa6 Rxc2 32. Be3 g4 33. Ra5+ Ke4 34. Ra4+ Kf5 35. Ra5 {[#] Hoping for Bd4.} Ke4 36. Ra4+ Kf5 37. Ra5 {Precision: White = 57%, Black = 71%.} 1/2-1/2

[Event "AUT-ch 2018"]
[Site "Vienna"]
[Date "2018.07.24"]
[Round "4"]
[White "Fauland, Alexander"]
[Black "Frank, Emanuel"]
[Result "1-0"]
[WhiteElo "2419"]
[BlackElo "2161"]
[Annotator "TA"]
[PlyCount "119"]
[EventDate "2018.07.22"]
[EventType "swiss"]
[EventCountry "AUT"]
[SourceTitle "playchess.com"]
[Source "ChessBase"]
[SourceQuality "1"]

{[%evp 11,119,14,16,-6,-6,-18,-12,-25,-20,-24,-7,-8,-4,-17,14,14,14,14,16,12,20,10,26,8,34,31,33,21,10,26,18,0,17,14,14,16,19,19,30,33,31,25,40,31,55,45,58,39,80,77,66,85,75,60,61,74,64,0,119,0,66,63,77,45,62,27,27,18,27,15,202,218,230,241,253,250,243,241,404,403,375,379,379,114,433,191,189,188,176,185,159,151,182,164,318,185,723,238,782,787,984,909,984,951,29969,1419,6079,1083,29977,29978]} 1. d4 d5 2. Nf3 Nf6 3. g3 Bg4 4. Nbd2 c6 5. Bg2 Nbd7 6. c3 {D02: Damenbauernspiele} (6. O-O e6 7. Re1 Be7 8. c3 O-O 9. e4 Bh5 10. Qb3 Qb6 11. exd5 cxd5 12. Qxb6 axb6 13. Bf1 Ne4 14. Nxe4 Bxf3 15. Ng5 Bg4 16. h4 Bd6 17. Kg2 Bf5 18. f3 Ra5 {1-0 (55) Kamsky,G (2637)-Moskalenko,A (2490) St Petersburg 2016}) 6... e6 {LiveBook: 3 Partien} 7. Qb3 Qb6 8. h3 {Die Stellung ist ausgeglichen.} Bh5 9. g4 $146 ({Vorgänger:} 9. a4 a5 10. Ne5 Qxb3 11. Nxb3 Nxe5 12. dxe5 Nd7 {0-1 (29) Scantland,P (1728)-Desjardins,M (1989) Gatineau 2009}) 9... Bg6 10. Nh4 Be7 11. Nxg6 hxg6 12. e3 O-O 13. g5 Nh5 14. Qxb6 axb6 15. h4 b5 16. Bh3 Nb6 17. a3 b4 18. cxb4 Bxb4 19. Rb1 Bd6 20. Nf3 Rfe8 21. O-O f5 22. Re1 e5 23. dxe5 Bxe5 24. Bf1 {[%cal Bh3f1,Bf1d3,Bd3c2][%mdl 32]} Bd6 25. Bd3 Kf7 26. Bd2 {[%cal Bc1d2,Bd2c3,Bc3d4][%mdl 32]} Nd7 27. Bc2 Re7 28. Bc3 Rae8 29. Red1 Nb6 30. a4 Nc8 31. b4 f4 32. Bd4 $1 fxe3 33. Bxe3 Nf4 34. Kf1 (34. Rb3 $14) 34... Bc7 (34... Rxe3 $11 35. fxe3 Rxe3) 35. Rd4 (35. a5 $16) 35... Ne6 ({Lieber} 35... Nh5 $1 $11) 36. Rg4 $36 {[%mdl 2048] Weiss hat gut koordiniertes Spiel.} Rd7 37. Rd1 Ne7 38. Nd4 Nxd4 39. Bxd4 Nf5 {[#]} 40. h5 $1 {[%cal Bh4h5,Bh5h6][%mdl 544]} Ne7 $2 (40... Rde7 $11) (40... gxh5 41. Bxf5) 41. h6 $18 Nf5 42. Bxf5 $1 gxf5 43. g6+ Kg8 44. Rh4 $1 Rd6 $2 (44... Re4 {war angesagt.} 45. Re1 Rxe1+ 46. Kxe1 Re7+ 47. Kd1 Be5) 45. hxg7 {[%csl Gd4,Gg7][%cal Rh4h8]} Rxg6 46. Rh8+ Kf7 {[#]} 47. Rh5 $2 (47. g8=R $1 $18 {[%mdl 512]} Rexg8 48. Rh7+ R8g7 49. Bxg7 Rxg7 50. Rxg7+ Kxg7 51. b5) 47... f4 $2 {[%mdl 8192] [#]} (47... Bd6 $16 {ist eine bessere Chance.}) 48. Rf5+ (48. g8=R $142 $1 {[%mdl 512]} Rexg8 49. Rh7+ R8g7 50. Bxg7 Rxg7 51. Rxg7+ Kxg7 52. b5) 48... Kg8 49. Re1 $1 {[%cal Re1e8]} Rxe1+ 50. Kxe1 {[%mdl 4096] Endspiel Beabsichtigt Tf8+ und Matt. KTL-KTL} Bd6 51. b5 $1 c5 {[#]} 52. Bf6 $1 b6 $2 (52... Be7) 53. Ke2 (53. Kd2 $142) 53... c4 $2 (53... Be7) 54. Bc3 $2 (54. a5) 54... d4 $2 (54... Re6+ 55. Kf3 Rh6 56. Rxd5 Be7) 55. Bxd4 Bb4 56. Rh5 c3 57. Kd3 Rg1 58. Rh8+ Kf7 {[#]} 59. Rc8 (59. g8=Q+ $142 $1 {[%mdl 512]} Rxg8 60. Rxg8) 59... Ba5 60. Rf8+ {Precision: Weiß = 50%, Schwarz = 33%.} 1-0

[Event "AUT-ch 2018"]
[Site "Vienna"]
[Date "2018.07.24"]
[Round "4"]
[White "Morgunov, Daniel"]
[Black "Schnegg, Anna-Lena"]
[Result "1-0"]
[WhiteElo "2346"]
[BlackElo "2175"]
[Annotator "NA"]
[PlyCount "57"]
[EventDate "2018.07.22"]
[EventType "swiss"]
[EventCountry "AUT"]
[SourceTitle "playchess.com"]
[Source "ChessBase"]
[SourceQuality "1"]
[TimeControl "40/5400+30:1800+30"]

1. e4 {[%emt 0:00:00]} c5 {[%emt 0:00:05]} 2. Nf3 {[%emt 0:00:00]} Nc6 {[%emt 0:00:06]} 3. d4 {[%emt 0:00:00]} cxd4 {[%emt 0:00:07]} 4. Nxd4 {[%emt 0:00:00]} g6 {[%emt 0:00:11]} 5. c4 {[%emt 0:00:00]} Bg7 {[%emt 0:00:09]} 6. Be3 {[%emt 0:00:16]} d6 {[%emt 0:00:28]} 7. Nc3 {[%emt 0:00:11]} Nf6 {[%emt 0:00:14]} 8. f3 {[%emt 0:00:19]} O-O {[%emt 0:00:14]} 9. Qd2 {[%emt 0:01:19]} Bd7 {[%emt 0:00:52]} 10. Rc1 {[%emt 0:07:03]} Nxd4 {[%emt 0:02:38]} 11. Bxd4 {[%emt 0:00:12]} Bc6 {[%emt 0:00:48]} 12. Be2 {[%emt 0:03:53]} Nd7 {[%emt 0:04:10]} 13. Be3 {[%emt 0:03:45]} a5 {[%emt 0:02:54]} 14. b3 {[%emt 0:02:10]} Nc5 {[%emt 0:02:43]} 15. O-O {[%emt 0:02:06]} Be5 {[%emt 0:04:36]} 16. Rfd1 {[%emt 0:14:17]} e6 {[%emt 0:13:13]} 17. Qe1 {[%emt 0:10:33]} Qe7 {[%emt 0:04:19]} 18. Rc2 {[%emt 0:06:05]} Rad8 {[%emt 0:11:01]} 19. Rb1 {[%emt 0:05:57]} f5 {[%emt 0:17:20]} 20. exf5 {[%emt 0:01:55]} exf5 {[%emt 0:00:44]} 21. Bf1 {[%emt 0:05:42]} Rfe8 {[%emt 0:08:50]} 22. Bf2 {[%emt 0:04:53]} Qg5 {[%emt 0:06:15]} 23. Qc1 {[%emt 0:06:45]} Bf4 {[%emt 0:02:43]} 24. Qd1 {[%emt 0:00:12]} Qh5 {[%emt 0:07:42]} 25. h3 {[%emt 0:01:32]} Qg5 {[%emt 0:02:58]} 26. Nd5 {[%emt 0:02:11]} Re5 {[%emt 0:03:32]} 27. h4 {[%emt 0:05:41]} Qh6 {[%emt 0:00:43]} 28. g3 {[%emt 0:00:52]} Re3 {[%emt 0:03:17]} 29. gxf4 {[%emt 0:01:07]} 1-0